[Event "BL 2016-17"]
[Site "Jenbach"]
[Date "2017.04.21"]
[Round "10"]
[White "Papp, Gabor"]
[Black "Schneider, Ilja"]
[Result "1/2-1/2"]
[WhiteElo "2579"]
[BlackElo "2518"]
[Annotator "TA"]
[PlyCount "60"]
[EventDate "2017.??.??"]
[EventCountry "AUT"]
[SourceTitle "playchess.com"]
[Source "ChessBase"]
[SourceQuality "1"]
[WhiteTeam "Wien-SK Ottakring"]
[BlackTeam "Wulkaprodersdorf"]

{[%evp 11,60,62,58,8,12,9,7,9,28,15,11,8,9,2,0,0,28,25,25,26,24,13,31,8,10,8,15,4,2,-14,-12,-12,-12,-12,-12,-10,-12,-11,-3,-8,8,-2,-3,-3,0,0,0,0,0,0,0]} 1. e4 c6 2. d4 d5 3. Nc3 a6 4. Nf3 {B15: Caro-Kann: 3 Nc3: 3...g6 and 3...dxe4 4 Nxe4 Nf6 5 Nxf6+ exf6} Bg4 5. h3 Bh5 6. g4 (6. Be3 e6 7. Bd3 Nf6 8. e5 Nfd7 9. Ne2 Bxf3 10. gxf3 c5 11. c3 {0-1 (58) Lu,S (2627)-Pantsulaia,L (2607) Doha 2016}) 6... Bg6 {LiveBook: 22 Games} 7. Qe2 e6 8. Ne5 $146 (8. Bg5 Qa5 9. Bd2 Bb4 10. Ne5 Bxe4 11. Nxe4 dxe4 {1-0 (42) Rendle,T (2381)-Steil Antoni,F (2169) Hastings 2013}) 8... Bxe4 9. Nxe4 dxe4 10. Qxe4 Nf6 11. Qd3 (11. Qe3 $5 {with more complications.} Nbd7 12. Nd3 Nb6 13. c3 Nfd5 14. Qe2) 11... Nbd7 12. Nxd7 Qxd7 13. Bg2 Rd8 14. Be3 Nd5 15. O-O-O Qc7 16. Kb1 Nf4 17. Bxf4 (17. Qe4 $5 {is interesting.} Nxg2 18. Qxg2 a5 19. f4 Be7 20. h4) 17... Qxf4 {The position is equal.} 18. Qe3 Bd6 19. Qxf4 Bxf4 20. c3 h5 21. Kc2 Ke7 22. Bf3 hxg4 23. hxg4 Kf6 24. a4 Rxh1 25. Rxh1 $11 {[%mdl 4096] Endgame KRB-KRB} e5 26. dxe5+ Kxe5 27. Re1+ Kd6 28. Rd1+ Kc7 29. Rxd8 Kxd8 30. Kd3 Kc7 1/2-1/2

[Event "BL 2016-17"]
[Site "Jenbach"]
[Date "2017.04.21"]
[Round "10"]
[White "Shengelia, David"]
[Black "Nayhebaver, Martin"]
[Result "1/2-1/2"]
[WhiteElo "2572"]
[BlackElo "2442"]
[Annotator "TA"]
[PlyCount "68"]
[EventDate "2017.??.??"]
[EventCountry "AUT"]
[SourceTitle "playchess.com"]
[Source "ChessBase"]
[SourceQuality "1"]
[WhiteTeam "Jenbach"]
[BlackTeam "Bregenz"]

{[%evp 24,68,-2,-11,0,0,0,0,31,0,27,-15,8,-2,0,0,28,27,18,9,36,25,36,41,34,22,40,55,76,81,59,35,31,-26,0,-36,-46,-64,0,0,0,0,0,-9,0,0,0]} 1. g3 Nf6 2. Bg2 d5 3. c4 c6 4. Nf3 Bg4 5. O-O e6 6. d3 Nbd7 7. cxd5 exd5 8. h3 Bxf3 9. Bxf3 Bc5 10. Nc3 O-O {A11: English Opening: 1...c6} 11. e4 Ne5 (11... dxe4 12. dxe4 Qc7 13. Kg2 Rfe8 14. Qc2 Qe5 15. Bf4 Qe7 16. Kh2 Ne5 17. Bg2 Bd4 18. Ne2 {½-½ (66) Anand,V (2779)-Mchedlishvili,M (2601) Doha 2016}) 12. Be2 dxe4 13. dxe4 {LiveBook: 3 Games} Bd4 14. Qc2 Qe7 15. Kg2 $146 (15. Kh2 Ned7 16. f3 Rfe8 {½-½ (16) Kalinitschew,S (2393)-Rabiega,R (2507) Germany 2016}) 15... Ned7 16. f3 {[%cal Bf2f3,Bf3f4][%mdl 32]} Nc5 17. Bd2 Rad8 18. Rae1 Rfe8 19. a3 Be5 {Hoping for ...Bxg3!} 20. Be3 Ne6 21. f4 ({Much worse is} 21. Bxa7 Nh5 22. f4 Nhxf4+ $1 {[%mdl 512]} 23. gxf4 Nxf4+ 24. Rxf4 Bxf4 $17) 21... Bd4 22. Bc1 Qc5 {With the idea ...Bxc3.} 23. Bd3 h6 24. e5 Bxc3 25. bxc3 Qd5+ 26. Rf3 {Strongly threatening Rd1.} Nc5 {[%cal Rc5d3]} 27. Bf5 Qc4 28. Rd1 (28. Be3 $14 Nfe4 29. Re2) 28... Nfe4 29. Rxd8 Rxd8 30. Re3 $1 {[%cal Rf5e4] [#]} Nd2 (30... Rd4 $1 $15 {[%mdl 512]}) 31. Bxd2 $11 {aiming for Be1.The position is equal.} Qd5+ 32. Kf2 {And now Re2 would win.} Qxd2+ 33. Qxd2 Rxd2+ 34. Re2 Rd1 1/2-1/2

[Event "BL 2016-17"]
[Site "Germany"]
[Date "2017.03.19"]
[Round "10"]
[White "Svane, Rasmus"]
[Black "Vallejo Pons, Francisco"]
[Result "1/2-1/2"]
[WhiteElo "2570"]
[BlackElo "2710"]
[Annotator "TA"]
[PlyCount "62"]
[EventDate "2017.??.??"]
[EventType "team-tourn"]
[EventCountry "GER"]
[SourceTitle "playchess.com"]
[Source "ChessBase"]
[SourceQuality "1"]
[WhiteTeam "Hamburger SK"]
[BlackTeam "Baden-Baden"]

{[%evp 12,62,23,29,25,21,27,45,40,14,14,13,38,40,29,31,36,39,53,3,13,14,8,0,8,10,6,9,12,0,11,3,23,20,47,0,20,8,58,0,0,0,0,0,0,0,0,0,0,-13,-13,-24,-9]} 1. Nf3 d5 2. d4 e6 3. c4 a6 4. cxd5 exd5 5. Nc3 c6 {D31: Queen's Gambit Declined: Semi-Slav without ...Nf6 (+ Marshall Gambit and Noteboom) and Exchange Variation lines without ...Nf6} 6. e4 dxe4 7. Ng5 {LiveBook: 3 Games} h6 $146 {White has an edge.} (7... Be7 8. Bc4 Nh6 9. Ngxe4 Nf5 10. d5 O-O 11. O-O cxd5 12. Nxd5 Nc6 13. Qh5 {0-1 (43) Aronian,L (2784)-Carlsen,M (2851) Stavanger 2016}) 8. Ngxe4 {Hoping for Bc4.} Nf6 9. Nxf6+ Qxf6 10. Bc4 Bd6 11. Ne4 Bb4+ 12. Bd2 Bxd2+ 13. Qxd2 Qg6 14. O-O {[#] Threatens to win with Qb4.} O-O ({Don't capture} 14... Qxe4 $2 15. Rae1 Qe6 16. Qb4 $18) 15. Qf4 {next Rae1 is good for White.} Nd7 16. Bb3 Nb6 17. Nc5 {[%cal Be4c5,Bc5a4,Ba4c3][%mdl 32]} Nd5 18. Bxd5 cxd5 19. Rfe1 b6 20. Na4 Bd7 21. Nc3 Be6 22. Re3 b5 23. Qe5 Rac8 24. Rae1 Rfd8 25. a3 (25. Rg3 $14 Qh7 26. f4) 25... Qg5 $11 26. Rd1 Rc4 27. Qxg5 hxg5 28. h3 Rd6 29. Rd2 Rb6 30. Nd1 b4 31. Rb3 a5 1/2-1/2

[Event "BL 2016-17"]
[Site "Jenbach"]
[Date "2017.04.21"]
[Round "10"]
[White "Naumann, Alexander"]
[Black "Schreiner, Peter"]
[Result "1/2-1/2"]
[WhiteElo "2568"]
[BlackElo "2473"]
[Annotator "TA"]
[PlyCount "59"]
[EventDate "2017.??.??"]
[EventCountry "AUT"]
[SourceTitle "playchess.com"]
[Source "ChessBase"]
[SourceQuality "1"]
[WhiteTeam "Maria Saal"]
[BlackTeam "Feffernitz"]

{[%evp 12,59,37,20,47,29,22,19,38,31,47,1,1,6,0,2,24,-9,-9,-9,0,-14,-7,-26,-15,-36,-8,-12,0,0,0,0,0,-52,-45,-75,-65,-91,-98,-97,-8,-20,-18,-47,0,0,0,-71,-78,-63]} 1. e4 e5 2. Nf3 Nc6 3. d4 exd4 4. Nxd4 Bb4+ 5. c3 Bc5 6. Nxc6 bxc6 7. Bd3 {LiveBook: 120 Games. C45: Scotch Game} d5 (7... Qh4 8. Qe2 Nf6 9. h3 d6 10. g3 Qh5 11. Qxh5 Nxh5 12. Nd2 a5 13. Nb3 Bb6 14. Nd4 Bd7 {0-1 (54) Ni,H (2670)-Alekseev,E (2662) Saratov 2011}) 8. exd5 $146 (8. O-O Nf6 9. Nd2 O-O 10. b4 Bb6 11. Bb2 Bg4 12. Qc2 h5 13. c4 dxe4 14. Nxe4 Nxe4 15. Bxe4 c5 16. Bxa8 Qxa8 17. h3 Bc8 18. Qe2 cxb4 19. c5 {1-0 (19) Stein,R (1913)-Rockmann,J (1843) Hannover 2013}) 8... Qe7+ 9. Qe2 {The position is equal.} Qxe2+ 10. Kxe2 cxd5 11. Be3 (11. Bf4 $5 {feels hotter.} Nf6 12. Bxc7 O-O 13. Nd2 Re8+ 14. Kf1) 11... Bxe3 12. Kxe3 Nf6 13. f3 a5 14. Nd2 c5 15. Rhe1 O-O 16. Kf2 Be6 17. Bc2 Rfb8 18. b3 Ne8 19. a4 Nd6 20. Re5 g6 21. Rae1 Rb6 22. h4 (22. R1e2 $11) 22... c4 $15 23. R1e2 Rc8 24. R5e3 cxb3 25. Bxb3 Rbc6 (25... Rcb8 $17 26. Rxe6 fxe6 27. Rxe6 Nc4 28. Bxc4 dxc4) 26. Re5 $11 Rc5 27. h5 Nf5 ({Of course not} 27... Rxc3 $6 28. Bxd5 Bf5 29. Be4 $14) 28. hxg6 hxg6 29. Nb1 (29. g4 $11 {remains equal.} Ng7 30. R2e3) 29... Kg7 $17 30. g4 1/2-1/2

[Event "BL 2016-17"]
[Site "Jenbach"]
[Date "2017.04.21"]
[Round "10"]
[White "Skoberne, Jure"]
[Black "Predojevic, Borki"]
[Result "1/2-1/2"]
[WhiteElo "2555"]
[BlackElo "2611"]
[Annotator "TA"]
[PlyCount "60"]
[EventDate "2017.??.??"]
[EventCountry "AUT"]
[SourceTitle "playchess.com"]
[Source "ChessBase"]
[SourceQuality "1"]
[WhiteTeam "Feffernitz"]
[BlackTeam "Maria Saal"]

{[%evp 22,60,0,0,23,0,0,0,13,0,0,0,0,0,0,0,0,0,0,0,13,13,13,13,13,13,13,0,0,0,0,0,0,0,0,0,0,0,0,0,0]} 1. Nf3 d5 2. g3 c5 3. Bg2 Nc6 4. O-O Nf6 5. d3 e5 6. e4 dxe4 7. dxe4 Qxd1 8. Rxd1 Bg4 9. c3 Nxe4 {A08: King's Indian Attack} 10. Re1 O-O-O (10... f5 11. Nh4 O-O-O 12. f3 g5 13. fxg4 gxh4 14. gxf5 Nf6 15. Bg5 Bg7 16. Bxh4 Rhe8 17. Bxc6 bxc6 {1-0 (52) Amin,B (2629)-Eldesoky,H (2318) Cairo 2014}) 11. Na3 {[%cal Bb1a3,Ba3c4,Bc4e5][%mdl 32]} Nf6 12. Nc4 {LiveBook: 4 Games} Be6 ({Don't play} 12... e4 13. Ng5 Rd7 14. Be3 $16 (14. Nxe4 Nxe4 15. Bxe4 Be6 $14)) 13. Nfxe5 $146 (13. Ncxe5) 13... Nxe5 {The position is equal.} 14. Nxe5 Bd6 {[#] aiming for ...Bxe5.} 15. f4 Rhe8 16. Be3 Ng4 17. Nxg4 Bxg4 18. Kf2 Kc7 19. Bd5 Re7 20. c4 b6 21. Bd2 Rdd7 22. Bc3 f6 23. Rxe7 Rxe7 24. Re1 Rxe1 25. Kxe1 $11 {[%mdl 4096] Endgame KBB-KBB} Kd7 26. Kd2 Be6 27. Bxe6+ Kxe6 28. Ke3 g6 29. b3 h5 30. Ke4 f5+ 1/2-1/2

[Event "BL 2016-17"]
[Site "Germany"]
[Date "2017.03.19"]
[Round "10"]
[White "Ftacnik, Lubomir"]
[Black "Naiditsch, Arkadij"]
[Result "1/2-1/2"]
[WhiteElo "2550"]
[BlackElo "2702"]
[Annotator "TA"]
[PlyCount "65"]
[EventDate "2017.??.??"]
[EventType "team-tourn"]
[EventCountry "GER"]
[SourceTitle "playchess.com"]
[Source "ChessBase"]
[SourceQuality "1"]
[WhiteTeam "Hamburger SK"]
[BlackTeam "Baden-Baden"]

{[%evp 21,65,0,15,0,0,0,0,-10,0,4,-7,-5,8,6,14,0,10,0,7,0,0,0,0,0,0,-27,-31,-20,27,0,0,0,0,0,0,-39,12,12,12,20,22,18,62,59,70,63]} 1. Nf3 Nf6 2. c4 g6 3. Nc3 Bg7 4. e4 d6 5. d4 O-O 6. Be2 e5 7. O-O Qe8 8. dxe5 dxe5 9. Be3 b6 10. Nd5 Na6 11. Nd2 {E94: King's Indian: Classical: 6 Be2 e5 7 0-0: Various Black 7th moves} Nd7 {LiveBook: 6 Games} 12. a4 $146 (12. Qa4 Bb7 13. b4 c6 14. Nc3 Nc7 15. Nb3 Ne6 16. Rfd1 Qe7 17. c5 Rad8 18. Ba6 Bxa6 19. Qxa6 Nd4 20. Rac1 bxc5 21. Nxc5 Nxc5 22. bxc5 Qxc5 23. Nd5 Qb5 {½-½ (23) Alvarez Pedraza,A (2551)-Morovic Fernandez,I (2577) Havana 2012}) 12... c6 13. Nc3 {The position is equal.} Qe7 14. a5 Rd8 15. axb6 axb6 16. Qb1 Bb7 17. Rd1 Nb4 18. Rxa8 (18. Ra3 $5 {feels hotter.} Bf8 19. Nb3 Qe6 20. h3 h5 21. Rd2) 18... Rxa8 19. Nb3 h5 20. Qc1 Bf8 21. h4 Bc8 22. g3 Na6 23. Na1 Ndc5 24. Qb1 Kh7 25. b4 (25. Nc2 $11) 25... Ne6 $15 26. b5 $36 {[%mdl 2048] White is pushing.} ({Don't go for} 26. Bxb6 $2 Qxb4 27. Qb3 {[#]} Nd4 $1 {[%mdl 512]} 28. Bxd4 exd4 $19) 26... Qa3 27. Nc2 Qxc3 28. Bd2 Nd4 (28... Nf4 $1 $15 29. gxf4 (29. Bxc3 $2 {is the wrong capture.} Nxe2+ 30. Kg2 Nxc3 $19) 29... Qh3 30. bxa6 Bg4 31. Bxg4 Qxg4+ 32. Kf1 exf4) 29. Nxd4 $11 Qxd4 30. bxa6 {[#] Black must now prevent Bb4.} Qc5 ({Much weaker is} 30... Rxa6 $6 31. Bb4 Ra1 32. Qxa1 $16) 31. Be3 Qe7 32. Qxb6 Rxa6 33. Qb8 1/2-1/2

[Event "BL 2016-17"]
[Site "Jenbach"]
[Date "2017.04.21"]
[Round "10"]
[White "Rozentalis, Eduardas"]
[Black "Brkic, Ante"]
[Result "1-0"]
[WhiteElo "2548"]
[BlackElo "2560"]
[Annotator "TA"]
[PlyCount "95"]
[EventDate "2017.??.??"]
[EventCountry "AUT"]
[SourceTitle "playchess.com"]
[Source "ChessBase"]
[SourceQuality "1"]
[WhiteTeam "Hohenems"]
[BlackTeam "St. Veit"]

{[%evp 25,95,36,26,34,46,40,42,43,55,66,52,31,36,32,33,33,47,48,47,24,28,-20,-20,-8,8,0,0,0,48,49,48,41,49,34,46,31,35,36,49,28,46,33,34,33,45,39,47,23,65,65,90,25,95,98,124,134,170,161,154,123,120,116,432,432,735,722,1512,1462,1454,1458,1376,1346]} 1. e4 c5 2. Nf3 d6 3. Bb5+ Bd7 4. c4 Nf6 5. Nc3 Nc6 6. d4 cxd4 7. Nxd4 g6 8. f3 Nxd4 9. Bxd7+ Qxd7 10. Qxd4 Bg7 11. O-O O-O 12. Qd3 Rac8 13. Be3 a6 {LiveBook: 5 Games} 14. Rac1 {B52: Sicilian: Moscow Variation with 3...Bd7} Rc6 15. b3 $146 (15. Rfd1 Rd8 16. b3 h6 17. Nd5 Nxd5 18. exd5 Rcc8 19. Bb6 Re8 20. Rc2 e6 21. dxe6 Rxe6 {½-½ (32) Kovacs,L (2430)-Ghitescu,T (2400) Zalaegerszeg 1979}) 15... e6 16. Rfd1 {White is slightly better.} Qe7 17. Bf4 {[%cal Rf4d6]} Rd8 18. a4 Qc7 19. Kh1 Nd7 20. Ne2 Ne5 21. Qd2 Qb8 22. a5 b6 23. axb6 Rxb6 24. Nd4 Qb7 25. Qa5 {Hoping for Nxe6!} Rc8 26. Be3 Nc6 27. Nxc6 Rbxc6 28. Rd3 Qc7 29. Qxc7 R8xc7 30. Rcd1 Bf8 31. g4 Rb7 32. Ra1 Be7 33. Kg2 e5 34. Kf2 f6 35. Ke2 Kf7 36. Kd2 Ke6 37. Kc2 Rb8 38. Rd5 (38. f4 $16) 38... Rf8 (38... Rh8 $11) 39. Rda5 $36 {[%mdl 2048] Keeping Black busy.} f5 40. Rxa6 Rxa6 41. Rxa6 fxe4 42. fxe4 {[%mdl 4096] Endgame KRB-KRB} Rf3 43. Bd2 $1 Rf2 $2 {[%mdl 8192] [#]} (43... Kd7 $16) 44. c5 $1 $18 {[%cal Bc4c5,Bc5c6,Bc6c7][%mdl 32] White is clearly winning.} Kf7 (44... Rxh2 45. b4 h5 46. gxh5 gxh5 47. b5) (44... Rf8 $142 45. b4 h5) 45. c6 {Black must now prevent c7.} (45. cxd6 $2 Bg5 46. Ra7+ Ke6 $19) 45... Bg5 46. c7 Rxd2+ 47. Kc3 Rd1 {[#]} 48. Ra2 $1 1-0

[Event "BL 2016-17"]
[Site "Germany"]
[Date "2017.03.19"]
[Round "10"]
[White "Jakubowski, Krzysztof"]
[Black "Parligras, Mircea-Emilian"]
[Result "1/2-1/2"]
[WhiteElo "2534"]
[BlackElo "2603"]
[Annotator "TA"]
[PlyCount "55"]
[EventDate "2017.??.??"]
[EventType "team-tourn"]
[EventCountry "GER"]
[SourceTitle "playchess.com"]
[Source "ChessBase"]
[SourceQuality "1"]
[WhiteTeam "SF Berlin"]
[BlackTeam "SG Trier"]

{[%evp 18,55,28,15,28,2,26,0,0,0,0,0,0,0,0,-16,0,0,0,0,0,-18,-29,-21,-21,-29,-36,-37,-33,-31,-12,-12,-12,-12,-12,-12,-13,-16,-3,-7]} 1. e4 e5 2. Nf3 Nc6 3. Bb5 Nf6 4. O-O Nxe4 5. d4 Nd6 6. Bxc6 dxc6 7. dxe5 Nf5 8. Qxd8+ Kxd8 9. Nc3 Ke8 10. h3 h5 {C67: Ruy Lopez: Berlin Defence: 4 0-0 Nxe4} (10... h6 11. Rd1 Bd7 12. Bf4 Rd8 13. a4 h5 14. a5 Be7 15. a6 b6 16. Ng5 Bc8 17. Rxd8+ Bxd8 18. Rd1 Be7 19. Nce4 {1-0 (43) Vachier Lagrave,M (2796)-Gupta,A (2645) Caleta 2017}) 11. b3 b6 12. Bb2 Bb7 13. Rad1 Be7 14. Nd4 Nxd4 15. Rxd4 h4 $146 (15... Rd8 16. Ne2 c5 17. Rxd8+ Bxd8 18. c4 {0-1 (60) Istratescu,A (2646)-Lysyj,I (2648) Tromsoe 2013}) 16. Rfd1 Rd8 17. Rxd8+ Bxd8 18. Ne2 Rh5 19. f4 Be7 20. Nd4 Bc5 21. Kf1 Bxd4 22. Bxd4 $11 {[%mdl 4096] Endgame KRB-KRB} Rf5 23. Be3 g5 24. Rd2 {The position is equal.} c5 25. Rf2 gxf4 26. Bxf4 Be4 27. c3 Ke7 28. g4 1/2-1/2

[Event "BL 2016-17"]
[Site "Germany"]
[Date "2017.03.19"]
[Round "10"]
[White "Smerdon, David C"]
[Black "Commercon, Simon"]
[Result "1-0"]
[WhiteElo "2533"]
[BlackElo "2293"]
[Annotator "TA"]
[PlyCount "102"]
[EventDate "2017.??.??"]
[EventType "team-tourn"]
[EventCountry "GER"]
[SourceTitle "playchess.com"]
[Source "ChessBase"]
[SourceQuality "1"]
[WhiteTeam "Werder Bremen"]
[BlackTeam "Speyer-Schwegenheim"]

{[%evp 28,102,31,19,20,10,11,0,10,12,10,10,8,0,0,0,6,2,25,13,14,13,23,13,42,0,82,81,109,101,174,202,247,242,258,238,239,238,250,238,358,348,354,356,358,264,256,258,249,137,253,220,372,360,492,482,570,570,770,706,814,787,662,498,490,489,1705,584,29963,29966,29968,29969,29979,29980,29980,29981,29977]} 1. e4 e5 2. Nf3 Nc6 3. d4 exd4 4. Nxd4 Nf6 5. Nc3 Bb4 6. Nxc6 bxc6 7. Bd3 d5 8. exd5 cxd5 9. O-O O-O 10. Bg5 c6 11. Qf3 h6 12. Bxf6 Qxf6 13. Qxf6 gxf6 14. Ne2 Re8 {C47: Scotch Four Knights and Four Knights with 4 g3} (14... Bd6 15. Rad1 Rb8 16. b3 Re8 17. h3 Rb6 18. Ng3 c5 19. Rfe1 Rxe1+ 20. Rxe1 Be6 21. c4 dxc4 22. Bxc4 Bxg3 23. fxg3 Bxc4 24. bxc4 {½-½ (33) Hou,Y (2651)-Ding,L (2760) Sharjah 2017}) 15. Ng3 {LiveBook: 8 Games} Kf8 16. c3 $146 Bd6 {The position is equal.} 17. Nh5 Be7 18. h3 Rb8 19. b3 Bd8 20. Rae1 Re5 21. Ng3 Ba5 22. Rc1 Bd7 23. Be2 Rbe8 24. Bf3 f5 25. Rfd1 Bb6 26. Kf1 Kg7 (26... Bc8 $11 {keeps the balance.}) 27. Nh5+ $16 Kg6 28. c4 Be6 (28... Rd8 $16) 29. Nf4+ $18 Kg5 {[#]} 30. Nd3 $1 {[%cal Rd3e5]} ({But not} 30. cxd5 $6 Kxf4 31. dxe6 R8xe6) 30... Re4 31. Bxe4 dxe4 32. Ne5 Rc8 33. Nd7 f4 (33... h5 $142 34. Nxb6 axb6) 34. Nxb6 axb6 {[%mdl 4096] Endgame KRR-KRB} 35. Rd4 Bf5 36. Ke2 Kf6 37. Rd6+ Be6 38. c5 ({White should play} 38. Rcd1 $18) 38... b5 (38... Ke5 $16) 39. f3 {[%cal Bf2f3,Bf3e4][%mdl 32]} Rg8 $2 {[#]} (39... e3 {might work better.} 40. g3 fxg3) 40. fxe4 Rxg2+ 41. Kf3 Rxa2 42. Rxc6 Ke5 43. Rxe6+ fxe6 {KR-KR} 44. c6 {[%cal Bc5c6,Bc6c7][%mdl 32]} Ra8 45. c7 Rc8 46. Rc6 b4 (46... Kd4 $142 47. Kxf4 Rf8+ 48. Kg4 Rc8) 47. h4 (47. Rc4 $142 h5 48. h4 (48. Rxb4 Rxc7 49. Rb5+ Kd4 $11)) 47... h5 48. Rc4 {White mates.} Kd6 49. Kxf4 Rxc7 50. Rxc7 ({Not} 50. Rxb4 Rg7 $16) 50... Kxc7 51. Kg5 Kd6 1-0

[Event "BL 2016-17"]
[Site "Jenbach"]
[Date "2017.04.21"]
[Round "10"]
[White "Antoniewski, Rafal"]
[Black "Atlas, Valery"]
[Result "1-0"]
[WhiteElo "2532"]
[BlackElo "2432"]
[Annotator "TA"]
[PlyCount "85"]
[EventDate "2017.??.??"]
[EventCountry "AUT"]
[SourceTitle "playchess.com"]
[Source "ChessBase"]
[SourceQuality "1"]
[WhiteTeam "St. Veit"]
[BlackTeam "Hohenems"]

{[%evp 20,85,81,55,70,34,72,58,61,49,59,56,117,68,74,47,50,19,49,35,50,-11,-6,-82,6,-50,1,0,31,24,25,18,40,25,70,-10,-6,-14,-6,-17,0,0,235,235,245,254,442,476,1886,1796,2067,2056,6329,5863,29941,6241,6161,6153,5708,5099,2454,1692,4827,4818,2425,2372,29975,29970]} 1. d4 Nf6 2. c4 c5 3. d5 e5 4. Nc3 d6 5. e4 Nbd7 6. g3 Be7 7. Bg2 O-O 8. Nge2 {A56: Czech Benoni} a6 9. a4 b6 (9... Ne8 10. Qd3 g6 11. Bh6 Ng7 12. O-O Nf6 13. f3 Kh8 14. a5 Ng8 15. Bd2 {1-0 (34) Wojtaszek,R (2749)-Brodowski,P (2444) Tallinn 2016}) 10. O-O Ne8 11. h3 {LiveBook: 5 Games} Ra7 12. Kh2 Kh8 13. b3 $146 (13. Be3 g6 14. Qd2 Ng7 15. Bh6 Nf6 {0-1 (35) Boensch,U (2528)-Atlas,V (2442) Austria 2013}) 13... g6 14. Bh6 Rg8 15. Be3 g5 (15... Bg5 $14) 16. Nc1 Ng7 17. Nd3 f5 18. a5 f4 19. Bd2 (19. gxf4 gxf4 20. Bd2 bxa5 $15) 19... bxa5 20. Nb1 (20. Kg1 $14) 20... Qf8 $11 21. Bxa5 {[#]} (21. Rh1 $11 {keeps the balance.}) 21... Bd8 (21... g4 $1 $17) 22. Bc3 (22. Bxd8 $11 Qxd8 23. Nc3) 22... Bb6 (22... Nf6 $15) 23. Nd2 Ne8 24. Rh1 Nef6 25. Kg1 Nb8 26. g4 h5 {[%cal Rh5g4]} 27. f3 (27. gxh5 $6 g4 28. hxg4 Bxg4 $11) (27. Qe2 $14) 27... Rh7 28. Kf2 Rg6 29. Ke2 (29. Nf1 $5 {with more complications.} hxg4 30. hxg4 Rxh1 31. Bxh1 Rh6 32. Bg2) 29... hxg4 (29... Rgh6 $5 {looks sharper.} 30. Qe1 Qd8 31. Kd1 Kg8 32. Rg1 a5) 30. hxg4 Nxg4 $2 {[#]} (30... Rxh1 $11 31. Qxh1+ (31. Bxh1 Rh6 $11) 31... Kg7) 31. fxg4 $18 Bxg4+ 32. Bf3 Bxf3+ $2 (32... Bh3) 33. Nxf3 ({Not} 33. Kxf3 g4+ 34. Ke2 f3+ 35. Ke3 Kg8 $16) 33... g4 (33... Nd7 $142 34. Rxh7+ Kxh7 35. Qh1+ (35. Rxa6 Qh6 $16) 35... Qh6 36. Qxh6+ Rxh6 37. Nxg5+ Kg8 38. Rxa6 Rh2+ 39. Kf3 Kf8 40. Ra8+ Ke7) 34. Nfxe5 dxe5 35. Nxe5 Kg8 36. Nxg6 Qe8 37. Kd3 Qxg6 38. Rxh7 Kxh7 39. Qh1+ Qh6 40. Be5 Nd7 41. Qxh6+ Kxh6 42. Bxf4+ Kg6 43. Rxa6 1-0

[Event "BL 2016-17"]
[Site "Jenbach"]
[Date "2017.04.21"]
[Round "10"]
[White "Zilka, Stepan"]
[Black "Flumbort, Andras"]
[Result "1/2-1/2"]
[WhiteElo "2524"]
[BlackElo "2451"]
[Annotator "TA"]
[PlyCount "130"]
[EventDate "2017.??.??"]
[EventCountry "AUT"]
[SourceTitle "playchess.com"]
[Source "ChessBase"]
[SourceQuality "1"]
[WhiteTeam "Nickelsdorf"]
[BlackTeam "St. Valentin"]

{[%evp 13,130,0,0,2,2,0,3,5,17,0,0,2,14,10,4,8,12,18,26,25,33,22,23,24,33,20,10,11,7,8,44,47,70,62,61,25,19,18,31,9,28,20,24,21,32,23,20,29,12,0,7,5,14,0,0,0,0,0,0,0,0,0,0,0,0,1,25,29,61,33,31,0,39,0,60,45,53,50,84,60,85,80,75,49,60,34,27,28,42,37,64,63,68,61,61,62,59,61,66,60,54,62,62,60,76,72,74,33,37,11,10,0,0,-8,-8,-8,-8,-8,-8]} 1. e4 c6 2. d4 d5 3. Nd2 dxe4 4. Nxe4 Bf5 5. Ng3 Bg6 6. Nh3 Nf6 7. Nf4 e5 8. dxe5 {B18: Classical Caro-Kann: 4...Bf5 sidelines} Qa5+ 9. c3 Qxe5+ 10. Qe2 Nbd7 11. Nxg6 hxg6 12. Bf4 Qxe2+ 13. Bxe2 Nd5 (13... Bc5 14. Bf3 O-O-O 15. O-O Nd5 16. Bxd5 cxd5 {½-½ (51) Svidler,P (2727)-Giri,A (2793) Baku 2015}) 14. Bd2 Bd6 $146 (14... N7f6 15. Bf3 O-O-O {½-½ (31) Jakubiec,A (2503)-Cernousek,L (2494) Czech Republic 2017}) 15. Ne4 Bf4 ({Much weaker is} 15... Bxh2 $6 16. c4 Nc7 {[#]} 17. Bf4 $1 {[%mdl 512]} Bxf4 18. Rxh8+ Ke7 19. Rxa8 Nxa8 20. g3 $16) 16. O-O-O N7f6 {[%cal Bd7f6,Bf6e4,Be4f2][%mdl 32]} 17. Bxf4 Nxe4 18. Rd4 f5 19. Be5 Nxf2 20. Rf1 Ne4 21. Bxg7 Rg8 22. Be5 Ke7 23. Bf3 Ndf6 24. Rb4 Nc5 $1 {[%cal Rc5d3] And now ...Nd3+ would win.} 25. Kc2 a5 $1 {[%cal Ra5b4]} 26. Rh4 Ncd7 27. Bc7 Rgc8 28. Bf4 Rh8 29. Re1+ Kf7 30. Rxh8 Rxh8 31. Bc7 g5 32. h3 a4 $1 33. Rd1 Rc8 34. Bh2 Rh8 35. Bc7 Rc8 36. Bd6 Ke6 37. Bh2 Rh8 38. Re1+ Kf7 39. Bg1 g4 40. hxg4 fxg4 41. Be2 Rh1 42. Rf1 Ke6 43. Bf2 Rh2 (43... Rxf1 $11 44. Bxf1 Ne4) 44. Rg1 $14 Rh5 45. Bg3 Nb6 46. c4 Nbd7 47. Re1 {[#] Threatens to win with Bxg4+.} Kf7 48. Bd1 b5 49. b3 axb3+ 50. axb3 bxc4 51. bxc4 Rf5 52. Kc3 Ra5 {Strongly threatening ...Ra3+.} 53. Bd6 c5 54. Re7+ Kg8 $1 55. Bc2 Ra6 56. Bf4 {Black must now prevent Bf5.} Kf8 57. Re1 Kf7 58. Bf5 Ra3+ 59. Kb2 Ra6 60. g3 Nf8 61. Rf1 {Threatening Be3.} Ng6 $1 {The position is equal.} 62. Be3 Ne5 63. Bxc5 {Hoping for Kc3.} Rc6 64. Bb4 $1 Nxc4+ 65. Kb3 Ne3 1/2-1/2